Państwa z najwyższym wskaźnikiem HDI (wskaźnik rozwoju społecznego) - Statystyki

Ogólne statystyki
  • Ten quiz został rozwiązany 80 razy
  • Średni wynik to 8 z 10
Statystyki odpowiedzi
Wskaźnik HDI Odpowiedź % Poprawnych
0,949 Norwegia
93%
0,920 USA
90%
0,920 Kanada
86%
0,926 Niemcy
86%
0,939 Szwajcaria
83%
),925 Dania
76%
0,939 Australia
74%
0,924 Holandia
67%
0,923 Irlandia
58%
0,925 Singapur
49%
Nie znaleziono quizów pasujących do podanych kryteriów
Rozkład punktacji
Procent ludzi z każdym wynikiem
Percentyl według liczby udzielonych odpowiedzi
Twoja historia wyników
Nie rozwiązałeś tego quizu